[Event "Göteborg Open 2017"]
[Site "Mölnlycke kulturhus, Biblioteksgatan 2, Mölnlycke, Sweden"]
[Date "2017.08.20"]
[Round "8.9"]
[White "Ziegler, Nathalie"]
[Black "Holmgren, Björn"]
[Result "0-1"]
[BlackElo "2023"]
[WhiteElo "1841"]
[LiveChessVersion "1.4.8"]

1. d4 Nf6 {[%clk 1:29:50]} 2. Nf3 {[%clk 1:29:40]} c5 {[%clk 1:30:03]} 3. d5
{[%clk 1:29:10]} e6 {[%clk 1:30:21]} 4. c4 {[%clk 1:28:22]} exd5 {[%clk 1:30:46]}
5. cxd5 {[%clk 1:28:45]} d6 {[%clk 1:31:11]} 6. Nc3 {[%clk 1:29:05]} g6
{[%clk 1:31:34]} 7. e4 {[%clk 1:28:27]} Bg7 {[%clk 1:31:58]} 8. Bd3
{[%clk 1:28:42]} O-O {[%clk 1:32:21]} 9. O-O {[%clk 1:29:08]} a6 {[%clk 1:32:23]}
10. a4 {[%clk 1:29:26]} Re8 {[%clk 1:30:24]} 11. Re1 {[%clk 1:27:34]} Nbd7
{[%clk 1:27:13]} 12. Bg5 {[%clk 1:21:09]} h6 {[%clk 1:27:06]} 13. Bf4
{[%clk 1:18:53]} Nf8 {[%clk 1:21:44]} 14. h3 {[%clk 1:14:38]} g5 {[%clk 1:21:37]}
15. Bh2 {[%clk 1:10:40]} g4 {[%clk 1:21:28]} 16. Nd2 {[%clk 1:02:51]} gxh3
{[%clk 1:20:00]} 17. gxh3 {[%clk 0:58:47]} Bxh3 {[%clk 1:20:13]} 18. Qf3
{[%clk 0:59:08]} Bg4 {[%clk 1:13:10]} 19. Qg2 {[%clk 0:58:59]} Ng6
{[%clk 1:12:50]} 20. Bg3 {[%clk 0:53:42]} Nh5 {[%clk 0:59:13]} 21. Nc4
{[%clk 0:34:57]} Nh4 {[%clk 0:54:29]} 22. Bxh4 {[%clk 0:21:03]} Qxh4
{[%clk 0:54:56]} 23. Ne2 {[%clk 0:18:19]} Bxe2 {[%clk 0:37:19]} 24. Bxe2 Kh7
{[%clk 0:33:18]} 25. Bxh5 {[%clk 0:11:31]} Qxh5 {[%clk 0:32:49]} 26. Re3
{[%clk 0:11:52]} Bd4 {[%clk 0:32:17]} 27. Rg3 {[%clk 0:12:11]} Rg8
{[%clk 0:31:41]} 28. Raa3 {[%clk 0:12:11]} Qe2 {[%clk 0:31:03]} 29. Ne3
{[%clk 0:01:38]} Rxg3 {[%clk 0:31:03]} 30. fxg3 {[%clk 0:00:56]} Bxe3+
{[%clk 0:31:16]} 31. Kh2 {[%clk 0:01:22]} Qxg2+ 0-1

[Event "Göteborg Open 2017"]
[Site "Mölnlycke kulturhus, Biblioteksgatan 2, Mölnlycke, Sweden"]
[Date "2017.08.20"]
[Round "8.10"]
[White "Troberg Eskola, Love"]
[Black "Hattab, Hashim"]
[Result "1-0"]
[BlackElo "1885"]
[WhiteElo "2016"]
[LiveChessVersion "1.4.8"]

1. e4 {[%clk 1:30:58]} d6 {[%clk 1:30:40]} 2. d4 {[%clk 1:31:25]} Nf6
{[%clk 1:30:58]} 3. Nc3 {[%clk 1:31:51]} g6 {[%clk 1:31:20]} 4. Be3
{[%clk 1:32:11]} c6 {[%clk 1:31:31]} 5. Qd2 {[%clk 1:31:54]} h5 {[%clk 1:31:22]}
6. h3 {[%clk 1:29:38]} b5 {[%clk 1:30:42]} 7. Bd3 {[%clk 1:29:30]} e5
{[%clk 1:30:43]} 8. f4 {[%clk 1:17:52]} b4 {[%clk 1:28:22]} 9. Nce2
{[%clk 1:15:53]} exd4 {[%clk 1:28:14]} 10. Bxd4 {[%clk 1:13:58]} c5
{[%clk 1:26:48]} 11. Be3 {[%clk 1:12:19]} Bb7 {[%clk 1:21:57]} 12. e5
{[%clk 1:10:52]} Nd5 {[%clk 1:20:12]} 13. Be4 {[%clk 1:07:41]} dxe5
{[%clk 1:18:51]} 14. O-O-O {[%clk 1:05:44]} exf4 {[%clk 1:18:04]} 15. Nxf4
{[%clk 1:02:16]} Qe7 {[%clk 1:07:34]} 16. Nxd5 {[%clk 1:02:08]} Bxd5
{[%clk 1:05:03]} 17. Qxd5 {[%clk 0:59:16]} Bg7 {[%clk 1:04:54]} 18. Bg5
{[%clk 0:58:24]} 1-0